Detalles MARC
| 000 -LEADER |
| campo de control de longitud fija |
02291nam a22003497a 4500 |
| 001 - NÚMERO DE CONTROL |
| campo de control |
42835 |
| 003 - IDENTIFICADOR DE NÚMERO DE CONTROL |
| campo de control |
gtgccic |
| 005 - FECHA Y HORA DE LA ÚLTIMA TRANSACCIÓN |
| campo de control |
20260316115930.0 |
| 007 - CAMPO FIJO DE DESCRIPCIÓN FÍSICA--INFORMACIÓN GENERAL |
| campo de control de longitud fija |
ta |
| 008 - DATOS DE LONGITUD FIJA--INFORMACIÓN GENERAL |
| campo de control de longitud fija |
260316b gt ||||| |||| 00| 0 spa d |
| 040 ## - FUENTE DE CATALOGACIÓN |
| Centro catalogador/agencia de origen |
gtgccic |
| Lengua de catalogación |
spa |
| Centro/agencia transcriptor |
gtgccic |
| Normas de descripción |
rda |
| 084 ## - OTRO NÚMERO DE CLASIFICACIÓN |
| Número de control del registro de autoridad o número normalizado |
TPI-18-0141 |
| 100 10 - ENTRADA PRINCIPAL--NOMBRE DE PERSONA |
| Nombre de persona |
Axel Ernesto Siguí Gil |
| Fechas asociadas al nombre |
Ingeniero Electricista |
| Término indicativo de función/relación |
autor |
| 245 ## - MENCIÓN DEL TÍTULO |
| Título |
Análisis técnico y económico del plan de expansión del sistema de transporte y su impacto en la |
| Resto del título |
calidad del servicio de distribución, de las redes de 69 kV de la ciudad de Guatemala / |
| Mención de responsabilidad, etc. |
Siguí Gil, Axel Ernesto |
| 264 ## - PRODUCCIÓN, PUBLICACIÓN, DISTRIBUCIÓN, FABRICACIÓN Y COPYRIGHT |
| Producción, publicación, distribución, fabricación y copyright |
Guatemala : |
| Nombre del de productor, editor, distribuidor, fabricante |
USAC, Facultad de Ingeniería ; |
| Fecha de producción, publicación, distribución, fabricación o copyright |
2018.- |
| 300 ## - DESCRIPCIÓN FÍSICA |
| Extensión |
57 p. : |
| Otras características físicas |
il. ; |
| Dimensiones |
28 cm |
| 336 ## - TIPO DE CONTENIDO |
| Fuente |
rdacontenido |
| Término de tipo de contenido |
Texto |
| Código de tipo de contenido |
txt |
| 337 ## - TIPO DE MEDIO |
| Fuente |
rdamedio |
| Nombre/término del tipo de medio |
sin mediación |
| Código del tipo de medio |
n |
| 338 ## - TIPO DE SOPORTE |
| Fuente |
rdasoporte |
| Nombre/término del tipo de soporte |
volumen |
| Código del tipo de soporte |
nc |
| 502 ## - NOTA DE TESIS |
| Nota de tesis |
Tesis Posgrado |
| Tipo de título |
MAESTRO EN ENERGÍA Y AMBIENTE |
| Nombre de la institución que otorga el título |
USAC, Facultad de Ingeniería, Escuela de Posgrado |
| Año de obtención del título |
2018 |
| Identificador de la tesis |
TPI-18-0141 |
| 504 ## - NOTA DE BIBLIOGRAFÍA, ETC. |
| Nota de bibliografía, etc. Nota |
Bibliografía pag. 55 |
| 505 ## - NOTA DE CONTENIDO CON FORMATO |
| Título |
1. MARCO TEÓRICO (Sistema eléctrico) |
| 505 ## - NOTA DE CONTENIDO CON FORMATO |
| Título |
2. DESARROLLO DE LA INVESTIGACIÓN (Expansión del sistema de transporte) |
| 505 ## - NOTA DE CONTENIDO CON FORMATO |
| Título |
3. PRESENTACIÓN DE RESULTADOS (Inversión anual) |
| 505 ## - NOTA DE CONTENIDO CON FORMATO |
| Título |
4. DISCUSIÓN DE RESULTADOS |
| 520 ## - RESUMEN, ETC. |
| Sumario, etc. |
Los planes de expansión del sistema de transporte se desarrollan, según lo establecido en la política energética vigente guatemalteca aprobada por el Ministerio de Energía y Minas. Las ampliaciones a la capacidad del sitema de transporte se pueden realizar a través de las modalidades de: Por iniciativa propia, por acuerdo entre partes o por licitación pública. Como resultado del Plan de Expansión del Sistema de Transporte 2008-2018 y 2012-2021, se determinó por parte de la CNEE la necesidad de reforzar las redes de 69 kV, en este contexto se emitieron las resoluciones CNEE-153-2010 y CNEE-197-2013, entre otras, por medio de las cuales se aprobaron proyectos integrales, con el fin de optimizar la operación de las redes del sistema Nacional Interconectado, considerando las restricciones y condiciones del sistema en ese entonces. |
| 650 ## - PUNTO DE ACCESO ADICIONAL DE MATERIA--TÉRMINO DE MATERIA |
| Término de materia o nombre geográfico como elemento de entrada |
SISTEMA DE TRANSPORTE |
| 650 ## - PUNTO DE ACCESO ADICIONAL DE MATERIA--TÉRMINO DE MATERIA |
| Término de materia o nombre geográfico como elemento de entrada |
REDES DE TRANSMISIÓN DE DATOS |
| 700 ## - ENTRADA AGREGADA--NOMBRE PERSONAL |
| Nombre de persona |
MSc. Ing. José Rafael Argueta Monterroso |
| Término indicativo de función/relación |
asesor |
| 942 ## - ELEMENTOS DE ENTRADA SECUNDARIOS (KOHA) |
| Fuente de la clasificación o esquema de estantería |
Clasificación Decimal Dewey |
| Tipo de ítem Koha |
TESISPOSTGRADO |
| 945 ## - PROCESAMIENTO DE INFORMACIÓN LOCAL (OCLC) |
| a |
amlo |